000 00429nam a22001697a 4500
005 20260202113203.0
008 160523b xxu||||| |||| 00| 0 eng d
020 _a0-07-12447-x
041 _aeng
082 _a005.74
100 _aSilberscherts, Abraham & Others
_91071
245 _aData Base System Concept
260 _aNew Delhi
_bAcademic Faundation
300 _a1100
650 _aInformation Technology
942 _cBK
999 _c1461
_d1461